[Event "17th Asian Continental-ch Open 2018"]
[Site "Makati City"]
[Date "2018.12.11"]
[Round "2"]
[White "Tan, Zhongyi"]
[Black "Ni, Hua"]
[Result "0-1"]
[WhiteElo "2508"]
[BlackElo "2683"]
[Annotator "TA"]
[PlyCount "138"]
[EventDate "2018.12.07"]
[EventType "swiss"]
[EventRounds "9"]
[EventCountry "PHI"]
[SourceTitle "playchess.com"]
[Source "ChessBase"]
[SourceQuality "1"]

{[%evp 26,138,-26,-26,-27,-26,-26,-26,-18,-36,-26,-26,-27,-28,-31,-32,-33,-43,-43,-50,-33,-35,-34,-33,0,0,0,0,40,13,31,27,0,33,17,-90,-111,-102,-102,-93,-100,-116,-107,-112,-100,-108,-105,-127,-127,-124,-73,-73,-52,-156,-148,-154,-139,-129,-52,-68,-62,-44,-22,-8,0,-158,-66,-70,-46,-110,-53,-136,-136,-227,-227,-227,-131,-139,-139,-138,-117,-150,-150,-150,-150,-150,-150,-564,-554,-562,-562,-561,-562,-561,-560,-553,-547,-539,-402,-581,-503,-867,-844,-741,-691,-850,-791,-1220,-1195,-1137,-1062,-1431,-936,-1403,-1384]} 1. e4 e6 2. d4 d5 3. e5 c5 4. c3 Nc6 5. Nf3 Qb6 6. a3 c4 7. Nbd2 Na5 8. g3 Bd7 9. Bg2 Ne7 10. O-O h6 11. Re1 {C02: French: Advance Variation} Qc7 12. Rb1 Nc8 13. h4 (13. Nf1 Bb5 14. Bf4 Be7 15. h4 Nb6 16. Ne3 O-O-O 17. h5 Rdg8 18. Bh3 Be8 {1-0 (54) Motylev,A (2686)-Savchenko,B (2608) Moscow 2014}) 13... Nb6 14. Nf1 {LiveBook: 3 Games} Ba4 15. Qe2 O-O-O {[%cal Be8c8,Bc8b8,Bb8a8][%mdl 32]} 16. Bf4 Be7 17. g4 $146 ({Predecessor:} 17. Ne3 Rdg8 {1-0 (41) Paakkonen,T (2290)-Fraser,S (2084) Finland 2011}) 17... Rdg8 18. Bg3 Kb8 19. Ne3 Ka8 20. Bh3 Qd8 21. Ng2 Nd7 22. Nh2 g5 {[%cal Rg5h4]} 23. h5 $1 Re8 24. f4 f6 25. Nf3 Rhg8 26. fxg5 hxg5 27. exf6 Nxf6 28. Ne5 (28. Qxe6 Ne4 $17) 28... Ne4 29. Bh2 $1 Nb3 30. Qe3 (30. Ne3 $1 $11 {remains equal.}) 30... Nbd2 $17 {Threatens to win with ...Ref8.} 31. Rbd1 Bxd1 32. Rxd1 Nb3 33. Ne1 Bd6 34. Bg2 Nf6 $1 35. N1f3 Na5 36. Rf1 Nc6 37. Qe2 Nxe5 (37... Nd7 $142 38. Ng6 Bxh2+ 39. Nxh2 e5 40. Bxd5 {[%mdl 64] Double Attack} exd4) 38. Nxe5 Nd7 39. Rf3 (39. Ng6 $1 $15 Bxh2+ 40. Kxh2) 39... Nxe5 40. Bxe5 Bxe5 41. Qxe5 Qe7 ({Black should play} 41... Qb8 $17 42. Rf6 Qxe5 43. dxe5 a6) 42. Re3 {next Bxd5! is good for White.} Qf7 43. Rf3 Qg7 {Hoping for ...Qxe5.} 44. Rf6 $1 Qe7 45. Rf2 $2 ({Better is} 45. Kh2 $11) 45... a6 (45... Rgf8 $1 $17 46. Rxf8 Rxf8 47. Bxd5 Qf7) 46. Re2 Qf7 47. Qg3 (47. Kh2 $15) 47... Ka7 (47... Rc8 $17) 48. Re5 ({White should try} 48. Qe5 $15) 48... Ref8 49. Qe1 (49. Kh2 $17) 49... Qf4 $19 50. Qe2 Rf6 (50... Qc1+ $1 $19 51. Kh2 Rf4 52. Rxe6 Rgf8) 51. Rxe6 $17 Rxe6 52. Qxe6 {[%mdl 4096] Endgame KQR-KQB} Rd8 $1 53. Qe7 Rd6 54. Qe5 {[#]} Qxe5 $1 55. dxe5 {KR-KB} Re6 56. h6 $2 (56. Bxd5 $17 {was the crucial defense.} Rxe5 57. Bg2 (57. Bxc4 Re4 $17)) 56... Rxh6 57. Bxd5 b5 58. Bf7 {[#] And now e6 would win.} Rc6 $1 {[%cal Rc6c5]} 59. e6 Rc7 60. Kf2 Kb6 61. Ke3 Kc5 62. Ke4 (62. Be8 {is a better defense.}) 62... Kd6 $19 {Black is clearly winning.} 63. Kd4 (63. Kf5 $142 Rc5+ 64. Kf6) 63... Rc8 64. Ke4 Rc5 65. Kd4 {Strongly threatening e7!} Rd5+ 66. Ke4 Re5+ 67. Kd4 Re2 68. a4 Rxb2 69. axb5 axb5 {Accuracy: White = 46%, Black = 63%.} 0-1

[Event "17th Asian Continental-ch Open 2018"]
[Site "Makati City"]
[Date "2018.12.11"]
[Round "2"]
[White "Bilguun, Sumiya"]
[Black "Nguyen, Ngoc Truong Son"]
[Result "0-1"]
[WhiteElo "2497"]
[BlackElo "2641"]
[Annotator "TA"]
[PlyCount "82"]
[EventDate "2018.12.07"]
[EventType "swiss"]
[EventRounds "9"]
[EventCountry "PHI"]
[SourceTitle "playchess.com"]
[Source "ChessBase"]
[SourceQuality "1"]

{[%evp 23,82,-7,0,-26,-20,-28,-31,-34,-35,-40,-10,-8,12,0,0,0,0,-77,-64,-82,-18,-23,-34,-22,-40,-66,-62,-50,-37,-121,-126,-109,-100,-155,-156,-162,-136,-164,-165,-163,-100,-98,0,-166,-166,-168,-165,-389,-389,-923,-625,-635,-628,-632,-632,-608,-608,-636,-602,-580,-594]} 1. e4 c5 2. Nf3 d6 3. d4 cxd4 4. Nxd4 Nf6 5. Nc3 a6 6. f4 e5 7. Nf3 Nbd7 8. a4 Qc7 9. Bd3 Be7 10. O-O O-O 11. Kh1 Nc5 {B93: Sicilian Najdorf: 6 f4} 12. Qe1 Bd7 {LiveBook: 3 Games} (12... Re8 13. b4 Nxd3 14. cxd3 Bd7 15. Bd2 exf4 16. Bxf4 Rac8 17. Rc1 Qb6 18. Rb1 Qc7 19. Rc1 {½-½ (31) Zubov,A (2626)-Santos Ruiz,M (2509) Sitges 2017}) 13. a5 $146 ({Predecessor:} 13. fxe5 dxe5 14. Qg3 Be6 15. Qxe5 Bd6 16. Qg5 h6 17. Qh4 Ng4 18. Bd2 Rac8 19. a5 {½-½ (66) Hjorth,J (2106)-Stone,G (2193) ICCF email 2013}) 13... Rac8 {Black has an edge.} 14. Bd2 Rfe8 15. fxe5 dxe5 16. Qg3 Be6 17. Qxe5 Bd6 18. Qg5 {e5 is the strong threat.} h6 19. Qh4 $1 Ng4 20. Qh5 (20. Rad1 $11) 20... Qd8 $1 $36 {[%mdl 2048] Black has some pressure.} (20... Nxd3 21. cxd3 b5 22. d4 $11) 21. h3 $1 {[%cal Rh3g4]} g6 (21... Nf6 $17 22. Qh4 Be7) 22. Qh4 $11 Qxh4 23. Nxh4 Ne5 24. Bxh6 Nexd3 25. cxd3 Nxd3 26. Nd5 (26. Rad1 $15 Be7 27. Nd5 (27. Rxd3 Bc4 $15) 27... Nxb2 28. Nxe7+ Rxe7 29. Rd4) 26... Bxd5 $1 $17 27. exd5 Rc2 {Hoping for ...Ree2.} ({Of course not} 27... Nxb2 $6 28. Rab1 $11) 28. Rf3 ({White should play} 28. Nf3) 28... Nf2+ $1 {[%mdl 1024] Black has strong compensation.} (28... Nxb2 29. Rb3 $15) 29. Kg1 Re4 30. Be3 Nd3 {And now ...Rxe3! would win.} 31. Bg5 {[#]} Bc5+ (31... Nxb2 32. Raf1 $17) (31... Nf4 $1 $19 32. Bxf4 Bxf4) 32. Kh2 Bd6+ (32... Rd4 $17 33. Rd1 Rxd5 34. Rdxd3 Rxg5 35. Rd8+ Bf8) 33. Kg1 $19 {[#]} Nf4 $1 ({Don't take} 33... Nxb2 34. Rb3 $15) 34. Bxf4 Bxf4 35. Rd1 $2 (35. g4) 35... Bd6 36. g4 $2 (36. Rc3 Rxc3 37. bxc3 Rxh4 38. Rb1) 36... Ree2 {( -> ...Bc5+). Black is clearly winning.} 37. Rc3 Rxb2 38. Nf3 Rg2+ 39. Kh1 Rg3 40. Rc8+ Kg7 41. Ng5 {White hopes to continue with Rf1.} Bf4 {Accuracy: White = 39%, Black = 64%.} 0-1

[Event "17th Asian Continental-ch Open 2018"]
[Site "Makati City"]
[Date "2018.12.11"]
[Round "2.7"]
[White "Lu, Shanglei"]
[Black "Gagare, Shardul"]
[Result "1-0"]
[WhiteElo "2636"]
[BlackElo "2504"]
[PlyCount "81"]
[EventDate "2018.12.07"]
[EventType "swiss"]
[EventRounds "9"]
[EventCountry "PHI"]
[TimeControl "40/5400+30:1800+30"]

1. e4 e5 2. Nf3 Nc6 3. Bb5 a6 4. Ba4 Nf6 5. O-O Be7 6. Re1 b5 7. Bb3 d6 8. a4 Bd7 9. c3 Na5 10. Bc2 b4 11. d4 Bg4 12. dxe5 Bxf3 13. Qxf3 dxe5 14. Qg3 b3 15. Bd1 Qd6 16. Qxg7 Rg8 17. Qh6 Rd8 18. Bf3 Qe6 19. Qe3 Nb7 20. Qe2 Nc5 21. Be3 Ncxe4 22. a5 Ng5 23. Bxg5 Rxg5 24. Nd2 Kf8 25. h4 Rg7 26. Nf1 Bd6 27. g3 Qf5 28. Ne3 Qc8 29. Nc4 e4 30. Nxd6 cxd6 31. Bxe4 Qc5 32. Bg2 Re8 33. Qxa6 Rxg3 34. Rxe8+ Nxe8 35. Qb6 Rxg2+ 36. Kxg2 Qd5+ 37. f3 Nf6 38. Qd4 Qe6 39. a6 Nh5 40. a7 Qg6+ 41. Kh1 1-0

[Event "17th Asian Continental-ch Open 2018"]
[Site "Makati City"]
[Date "2018.12.11"]
[Round "2.8"]
[White "Vokhidov, Shamsiddin"]
[Black "Ganguly, Surya Shekhar"]
[Result "0-1"]
[WhiteElo "2480"]
[BlackElo "2621"]
[Annotator "TA"]
[PlyCount "76"]
[EventDate "2018.12.07"]
[EventType "swiss"]
[EventRounds "9"]
[EventCountry "PHI"]

{[%evp 14,76,-8,-9,14,24,16,0,0,-11,12,-39,-24,-39,-47,-51,-35,-45,-50,-45,-68,-62,-19,-28,-17,-25,0,-11,0,-36,12,8,4,12,16,-3,0,0,0,0,0,0,0,0,0,-7,0,-31,-41,-55,-49,-123,-60,-189,-177,-1086,-1083,-1021,-1035,-29980,-29981,-29990,-29990,-29990,-452]} 1. e4 e6 2. d4 d5 3. Bd3 dxe4 4. Bxe4 Nf6 5. Bf3 c5 6. Ne2 {[%cal Bg1e2,Be2d4,Bd4b5][%mdl 32]} Be7 {C01: French: Exchange Variation} (6... Nc6 7. Be3 Nd5 8. Bxd5 Qxd5 9. Nbc3 Qxg2 10. Rg1 Qf3 11. Nb5 Rb8 12. dxc5 Bd7 13. Nc7+ Kd8 14. Nb5 {0-1 (54) Kramnik,V (2808)-Caruana,F (2808) Stavanger 2017}) 7. Nbc3 O-O 8. O-O {LiveBook: 7 Games} cxd4 {The position is equal.} 9. Nxd4 e5 $146 ({Predecessor:} 9... a6 10. Re1 h6 11. Bf4 Qb6 12. Nb3 Rd8 13. Qe2 {0-1 (54) Polakhare,A (1957)-Isha,S (2145) Abu Dhabi 2018}) 10. Ndb5 Nc6 11. Bg5 Bf5 12. Bxf6 (12. Qe2 $11) 12... Bxf6 $15 13. Be4 Bxe4 14. Nxe4 Be7 15. c4 a6 16. Nbc3 f5 17. Ng3 Nd4 18. Re1 Bd6 {[#]} 19. c5 $1 {[%mdl 512]} Bc7 (19... Bxc5 20. Rxe5) 20. Nge2 Kh8 21. Qd3 Nxe2+ 22. Qxe2 e4 23. Rad1 Qe7 24. Qe3 Qe5 25. g3 Rad8 26. a3 h6 27. b4 Rxd1 28. Nxd1 Rd8 29. Qc1 Qf6 30. Nb2 Rf8 31. Nc4 f4 32. Qb2 (32. Nd6 $15) 32... Qf5 ({Black should try} 32... Qe6 $17 33. Qc3 e3 $1 {[%mdl 512]} 34. Nxe3 fxe3 35. Qxe3 Qf7) 33. Qc2 (33. Qe2 $1 $15) 33... Qh3 $1 $40 {[%cal Rf4g3][%mdl 128] Black wants a kill.} 34. Qe2 $2 ({Don't blunder} 34. Qxe4 $2 fxg3 35. hxg3 Bxg3 $1 $19 {[%mdl 512]}) (34. Ne3) 34... fxg3 35. fxg3 {[#]} Bxg3 $1 {[%mdl 512]} 36. Rd1 {[#]} (36. hxg3 Qxg3+) 36... Bxh2+ $1 {[%mdl 512] Black mates.} 37. Kh1 (37. Qxh2 Qg4+) 37... Bg3+ 38. Kg1 Bf2+ {Accuracy: White = 30%, Black = 54%.} (38... Qh4 $142 39. Rd2 {[#]} Bh2+ $1 {[%mdl 512]} 40. Kh1 e3 $1 {[%mdl 512]} 41. Qxh2 Rf1+ 42. Kg2 Qxc4 43. Qd6 e2 44. Qxh6+ gxh6 45. Rd8+ Qg8+ $1 {[%mdl 576] Promotion} 46. Rxg8+ Kxg8 47. Kh2 e1=Q 48. Kg2 Qf2+ 49. Kh3 Rh1+ 50. Kg4 Rh4#) 0-1

[Event "17th Asian Continental-ch Open 2018"]
[Site "Makati City"]
[Date "2018.12.11"]
[Round "2.9"]
[White "Firouzja, Alireza"]
[Black "Liu, Yan"]
[Result "1-0"]
[WhiteElo "2607"]
[BlackElo "2495"]
[Annotator "TA"]
[PlyCount "74"]
[EventDate "2018.12.07"]
[EventType "swiss"]
[EventRounds "9"]
[EventCountry "PHI"]

{[%evp 14,74,53,35,38,20,20,17,25,0,7,-81,-77,-91,-83,-90,-10,-10,-6,-9,-13,-14,-13,-17,-8,-28,-15,-17,-20,-40,-35,-56,0,-23,0,-24,-21,-34,-32,-26,14,42,26,26,16,0,0,0,0,0,0,0,0,0,0,-2,-3,-3,-3,-3,-4,-4,-3]} 1. e4 e5 2. Nf3 Nc6 3. Bc4 Nf6 4. d3 Be7 5. O-O O-O 6. a4 d6 7. h3 Kh8 {C55: Two Knights: 4 d3, 4 d4 exd4 5 e5 and Max Lange Attack} 8. Nc3 {LiveBook: 4 Games} Be6 $146 ({Predecessor:} 8... Nd7 9. a5 Nb4 10. Ne2 c5 11. Ng3 Nb8 12. c3 N4c6 13. Qa4 Be6 14. Nf5 Bxf5 15. exf5 {1-0 (31) Vachier Lagrave,M (2780)-Lubbe,N (2447) Douglas 2018}) 9. a5 d5 10. exd5 Nxd5 11. Ne4 f5 12. Neg5 (12. Ng3 $11) 12... Bg8 $17 13. a6 b6 14. Bb5 {[%cal Bc4b5,Bb5c6,Bc6b7][%mdl 32] [#]} Nd4 (14... Nb8 $1 $17) 15. Nxd4 $11 exd4 16. Nf3 Bf6 17. Bc6 Rb8 18. Bd2 Qd6 19. Bb7 Bf7 20. Rc1 Bh5 21. c4 dxc3 22. bxc3 c6 23. d4 Nc7 24. Qa4 Bxf3 25. gxf3 b5 26. Qb4 Qxb4 27. cxb4 {Hoping for Bf4.} Ne6 28. Rxc6 Nxd4 {[%mdl 64] [#] Double Attack} 29. Rd6 {The position is equal.} Rbd8 30. Rxd8 Rxd8 31. Kh1 Nc2 32. Bf4 Nxb4 33. Be3 {aiming for Rb1.} Bd4 34. Rd1 Nc2 35. Bg5 Re8 36. Rd2 h6 {And now ...b4 would win.} 37. Bf4 b4 {[%mdl 32768] Accuracy: White = 46%, Black = 80%. . Loss on time!?} 1-0

[Event "17th Asian Continental-ch Open 2018"]
[Site "Makati City"]
[Date "2018.12.11"]
[Round "2.10"]
[White "Kunte, Abhijit"]
[Black "Wen, Yang"]
[Result "1/2-1/2"]
[WhiteElo "2469"]
[BlackElo "2604"]
[Annotator "TA"]
[PlyCount "62"]
[EventDate "2018.12.07"]
[EventType "swiss"]
[EventRounds "9"]
[EventCountry "PHI"]

{[%evp 15,62,15,17,0,0,0,0,0,0,-6,26,0,0,0,0,0,26,0,0,0,12,0,0,0,1,-18,-14,-24,-13,-30,-26,-31,-39,-23,-29,-43,0,0,-7,-22,0,0,-11,-6,10,5,8,0,0]} 1. Nf3 d5 2. g3 g6 3. Bg2 Bg7 4. d4 Nd7 5. O-O Ngf6 6. c4 dxc4 7. Qa4 O-O 8. Qxc4 Nb6 {LiveBook: 8 Games. D73: Fianchetto Grünfeld: 5 Nf3} 9. Qc2 (9. Qc5 Bf5 10. Bf4 Ne4 11. Qxc7 Nd5 12. Qxb7 Nxf4 13. gxf4 Qd6 14. Qb3 Qxf4 15. Nc3 Rab8 16. Qa3 {½-½ (32) Van Wely,L (2647)-Giri,A (2791) Amsterdam 2015}) 9... Bf5 10. Qb3 a5 11. a4 Be6 12. Qd1 Ne4 $146 ({Predecessor:} 12... h6 13. Nc3 Nbd5 14. Bd2 Nxc3 15. Bxc3 {0-1 (61) Kukla,P (2168)-Havlikova,K (2285) Czechia 2012}) 13. Nbd2 Bd5 14. Qc2 f5 15. Rd1 Rc8 {Threatening ...c5.} 16. Ne1 {[%cal Rd2e4]} Ng5 ({Wrong is} 16... Bxd4 $2 17. Nxe4 Bxe4 18. Bxe4 $18) 17. Nb3 Ne6 18. e3 Bxg2 19. Nxg2 Qd5 20. Nc5 Nxc5 21. dxc5 Qc4 22. Ne1 Qxc2 23. Nxc2 Nc4 24. Nd4 Rfd8 {And now ...e5 would win.} 25. b3 Bxd4 26. exd4 {The position is equal.} Ne5 $1 27. Bb2 Nd7 28. c6 bxc6 29. Rac1 Nb8 30. Re1 Kf7 31. Rc5 Rd5 {Accuracy: White = 59%, Black = 67%.} 1/2-1/2

[Event "17th Asian Continental-ch Open 2018"]
[Site "Makati City"]
[Date "2018.12.11"]
[Round "2.11"]
[White "Jumabayev, Rinat"]
[Black "Nguyen, Anh Khoi"]
[Result "1/2-1/2"]
[WhiteElo "2602"]
[BlackElo "2480"]
[Annotator "TA"]
[PlyCount "145"]
[EventDate "2018.12.07"]
[EventType "swiss"]
[EventRounds "9"]
[EventCountry "PHI"]

{[%evp 21,144,36,39,34,34,35,24,18,25,16,35,41,38,0,0,0,0,0,7,18,24,17,17,16,17,17,14,14,7,0,6,6,40,0,60,60,67,58,79,73,68,66,58,49,58,56,123,18,28,0,0,0,0,0,0,0,0,0,0,0,8,8,46,8,8,0,0,0,8,0,8,0,0,0,8,8,8,8,8,8,8,0,0,0,8,8,8,8,8,8,8,8,8,8,8,8,8,8,8,8,8,8,9,9,16,8,9,9,8,16,16,16,16,16,16,16,16,16,16,16,16,16,16,16,16]} 1. e4 c5 2. Nf3 d6 3. d4 cxd4 4. Qxd4 Nc6 5. Bb5 Bd7 6. Qd3 g6 7. O-O {B53: Sicilian: 2...d6: Lines with Qxd4} Bg7 8. c4 Nf6 9. h3 O-O 10. Nc3 a6 $146 ({Predecessor:} 10... Rc8 11. Be3 a6 12. Bxc6 Bxc6 {½-½ (26) Karjakin,S (2760)-Nepomniachtchi,I (2729) Riadh 2017}) 11. Bxc6 Bxc6 {LiveBook: 91 Games} 12. Nd4 Nd7 13. Be3 Rc8 14. Rac1 Nc5 15. Qb1 Ne6 16. Nxe6 fxe6 17. Rfd1 Qa5 18. b4 {[%cal Bb2b4,Bb4b5][%mdl 32]} Qh5 19. Rd2 Bxc3 20. Rxc3 Qe5 21. Rd4 {[#]} Rf4 $1 {[%cal Rf4e4][%mdl 512]} 22. b5 $36 {[%mdl 2048] White has good play.} ({But not} 22. f3 $2 {[#]} Rxf3 $3 {[%mdl 512]} 23. gxf3 Qg3+ 24. Kh1 Qxh3+ 25. Kg1 Qg3+ 26. Kh1 Qxf3+ 27. Kh2 Qh5+ 28. Kg2 (28. Kg1 $2 Qg4+ 29. Kh2 e5 $19) 28... Qg4+ 29. Kh2 Qh4+ 30. Kg2 Qg4+ 31. Kh2 Rf8 $19) (22. Bxf4 Qxd4) 22... Bxe4 23. Qe1 Rf7 ({Of course not} 23... axb5 24. f3 $16) 24. Qd2 h5 ({Reject} 24... axb5 $6 25. f4 $18) 25. a4 axb5 26. cxb5 Rcf8 27. Rc7 Qf5 (27... d5 $11 28. Rxb7 g5) 28. f3 $14 Bxf3 $1 {Strongly threatening ...Qe5.} 29. Rf4 $1 {[%cal Rf4f5]} Qb1+ 30. Rc1 Qb3 31. Rxf7 Rxf7 32. gxf3 Rxf3 33. Bf2 Kf7 (33... e5 $1 $14) 34. Rc7 ({White should play} 34. Qh6 $16) 34... Qb1+ 35. Qe1 Qf5 36. Rc3 Qxh3 37. Rxf3+ Qxf3 38. a5 Qg4+ $1 39. Kh2 Qc4 40. b6 e5 41. Qe3 Ke8 42. Qf3 e4 {The position is equal.} 43. Qg2 Kd7 44. Qxg6 Qd5 45. Be1 Qa2+ 46. Kh3 Qe2 47. Bg3 Qf3 48. Kh4 e3 {With the idea ...e2.} 49. Qxh5 Qh1+ 50. Kg5 Qd5+ 51. Kh4 Qh1+ 52. Kg5 Qd5+ 53. Kh6 Qxh5+ $1 54. Kxh5 $11 {[%mdl 4096] Endgame Threatens to win with Kg5. KB-KP} Kc6 $1 55. Kg4 Kb5 56. Be1 d5 57. Bc3 e5 58. Kf3 d4 59. Be1 Ka6 60. Ke4 Kb5 61. Kd3 Kc5 62. Bg3 Kb5 $1 63. Bxe5 Kxa5 64. Bxd4 Kb5 65. Bxe3 {KB-KP} Kc6 66. Ke4 {Black must now prevent Ke5.} Kd7 67. Kd5 Kc8 68. Bf4 Kd7 69. Bg3 {And now Bh4 would win.} Kc8 70. Ke6 {Hoping for Bh4.} Kd8 71. Kf7 {Bh4+ is the strong threat.} Kd7 72. Bc7 {aiming for Bh2.} Kc8 $1 73. Ke7 $4 {[%mdl 8192] Accuracy: White = 69%, Black = 68%.} (73. Kf6 Kd7 74. Ke5) 1/2-1/2